Statistics for The Walking Dead

Click here to take the quiz!

General Stats

  • This quiz has been taken 323 times
  • The average score is 24 of 30

Answer Stats

HintAnswer% Correct
the sheriffrick
100%
has a crossbowdaryl
99%
has a baby sistercarl
98%
had sex in a store while on a runmaggie
98%
lost her daughter and husbandcarol
97%
sister of the abovebeth
96%
helped the above out of a tankglenn
96%
died giving birthlori
96%
has a swordmichonne
95%
lost her sister before her bdayandrea
94%
in love with his friends wifeshane
94%
got two daughtershershel
93%
had an rvdale
91%
died before her birthdayamy
90%
was in the barnsophia
87%
cut his hand offmerle
83%
sacrificed himself at the prisontdog
82%
turned and bit andreamilton
78%
sister of the abovesasha
76%
liked the walkerslizzie
75%
his girlfriend got set on firetyreese
75%
killed by her sistermika
71%
had one eyethe governor
69%
the sgtabraham
61%
had his foot cut offbob
61%
dr with the aboveeugene
59%
with the aboverosita
57%
had a sister and a niecetara
51%
got set on firekaren
49%
the fathergabriel
46%

Score Distribution

Percentile by Number Answered

Percent of People with Each Score

Your Score History

You have not taken this quiz